[Event "Blitz 2018"]
[Site "Saint-Petersburg"]
[Date "2018.12.30"]
[Round "20"]
[Board "84"]
[White "Guimaraes Diogo Duarte (BRA)"]
[Black "Teske Henrik (GER)"]
[Result "1/2-1/2"]
[LiveChessVersion "1.4.8"]
[BlackElo "2565"]
[WhiteElo "2228"]

1. e4 {[%clk 0:03:02]} c5 {[%clk 0:03:02]} 2. Nf3 {[%clk 0:03:03]} Nc6
{[%clk 0:03:03]} 3. d4 {[%clk 0:02:57]} cxd4 4. Nxd4 d6 {[%clk 0:03:04]} 5. Bb5
{[%clk 0:02:53]} Bd7 {[%clk 0:03:04]} 6. O-O {[%clk 0:02:49]} g6 {[%clk 0:03:04]}
7. b3 {[%clk 0:02:39]} Bg7 {[%clk 0:03:01]} 8. Bb2 {[%clk 0:02:40]} Nf6
{[%clk 0:02:56]} 9. Nc3 {[%clk 0:02:38]} O-O {[%clk 0:02:49]} 10. Re1
{[%clk 0:02:25]} Rc8 {[%clk 0:02:35]} 11. Nxc6 {[%clk 0:02:14]} bxc6
{[%clk 0:02:35]} 12. Ba6 {[%clk 0:02:15]} Rb8 {[%clk 0:02:36]} 13. e5
{[%clk 0:02:03]} Ng4 {[%clk 0:02:12]} 14. exd6 {[%clk 0:01:59]} exd6
{[%clk 0:02:10]} 15. Be2 {[%clk 0:01:53]} Qa5 {[%clk 0:01:51]} 16. Na4
{[%clk 0:01:37]} Bxb2 {[%clk 0:01:18]} 17. Nxb2 {[%clk 0:01:37]} Qe5
{[%clk 0:01:14]} 18. Bxg4 {[%clk 0:01:38]} Bxg4 {[%clk 0:01:15]} 19. Qxg4
{[%clk 0:01:07]} Qxb2 {[%clk 0:01:15]} 20. Qc4 {[%clk 0:01:04]} c5
{[%clk 0:01:11]} 21. Rad1 {[%clk 0:00:57]} Rb4 {[%clk 0:01:06]} 22. Qd5
{[%clk 0:00:42]} Qxa2 {[%clk 0:01:04]} 23. Qxd6 {[%clk 0:00:39]} Qxc2
{[%clk 0:01:05]} 24. Ra1 {[%clk 0:00:30]} Rxb3 {[%clk 0:01:02]} 25. Rxa7
{[%clk 0:00:26]} Rb1 {[%clk 0:01:03]} 26. Rae7 {[%clk 0:00:24]} Rxe1+
{[%clk 0:00:59]} 27. Rxe1 c4 28. h4 {[%clk 0:00:24]} h5 {[%clk 0:01:00]} 29. Qc5
{[%clk 0:00:17]} Rd8 {[%clk 0:00:51]} 30. Qc7 {[%clk 0:00:14]} Rd1
{[%clk 0:00:48]} 31. Rxd1 {[%clk 0:00:07]} Qxd1+ 32. Kh2 Qd4 {[%clk 0:00:47]} 33.
Kg1 {[%clk 0:00:04]} Qxh4 {[%clk 0:00:46]} 34. Qb8+ {[%clk 0:00:03]} Kh7
{[%clk 0:00:46]} 35. Qa7 Qf4 {[%clk 0:00:46]} 36. Qc5 {[%clk 0:00:04]} Kg8
{[%clk 0:00:44]} 37. Qc8+ {[%clk 0:00:05]} Kh7 {[%clk 0:00:45]} 38. Qb7
{[%clk 0:00:06]} Qc1+ {[%clk 0:00:44]} 39. Kh2 {[%clk 0:00:07]} Qf4+
{[%clk 0:00:45]} 40. Kg1 {[%clk 0:00:09]} c3 {[%clk 0:00:42]} 41. Qc6
{[%clk 0:00:09]} Qc1+ {[%clk 0:00:42]} 42. Kh2 {[%clk 0:00:10]} Qf4+
{[%clk 0:00:43]} 43. Kg1 {[%clk 0:00:12]} Qe5 {[%clk 0:00:42]} 44. Qc4
{[%clk 0:00:10]} Kg8 {[%clk 0:00:40]} 45. Qc8+ {[%clk 0:00:11]} Kh7
{[%clk 0:00:41]} 46. Qc4 {[%clk 0:00:12]} Qe1+ {[%clk 0:00:37]} 47. Kh2
{[%clk 0:00:14]} Qe5+ {[%clk 0:00:38]} 48. Kg1 {[%clk 0:00:15]} Qe1+ 49. Kh2 Qxf2
{[%clk 0:00:37]} 50. Qxc3 {[%clk 0:00:18]} Qf4+ {[%clk 0:00:37]} 51. Kg1
{[%clk 0:00:16]} h4 {[%clk 0:00:37]} 52. Qb3 {[%clk 0:00:12]} Kh6
{[%clk 0:00:35]} 53. Qc3 {[%clk 0:00:13]} Kg5 {[%clk 0:00:34]} 54. Qc5+
{[%clk 0:00:14]} Kh6 {[%clk 0:00:33]} 55. Qf8+ {[%clk 0:00:14]} Kh7
{[%clk 0:00:34]} 56. Qc5 {[%clk 0:00:13]} Qg4 {[%clk 0:00:25]} 57. Qc7
{[%clk 0:00:09]} Qf5 {[%clk 0:00:25]} 58. Qc4 {[%clk 0:00:09]} Qf6
{[%clk 0:00:25]} 59. Kh2 {[%clk 0:00:08]} Qe5+ {[%clk 0:00:24]} 60. Kg1
{[%clk 0:00:07]} Qf6 {[%clk 0:00:22]} 61. Kh2 {[%clk 0:00:08]} g5
{[%clk 0:00:23]} 62. Qe4+ {[%clk 0:00:09]} Kh6 {[%clk 0:00:24]} 63. Qa8
{[%clk 0:00:10]} Qe5+ {[%clk 0:00:24]} 64. Kg1 {[%clk 0:00:11]} Kg6
{[%clk 0:00:23]} 65. Qg8+ {[%clk 0:00:10]} Qg7 {[%clk 0:00:24]} 66. Qb8
{[%clk 0:00:10]} Qd4+ {[%clk 0:00:24]} 67. Kh1 {[%clk 0:00:11]} Qd1+
{[%clk 0:00:24]} 68. Kh2 {[%clk 0:00:12]} Qd5 {[%clk 0:00:25]} 69. Qg8+
{[%clk 0:00:12]} Kf6 {[%clk 0:00:26]} 70. Qh8+ {[%clk 0:00:13]} Ke7
{[%clk 0:00:27]} 71. Qh5 {[%clk 0:00:12]} Qe5+ {[%clk 0:00:26]} 72. Kh1
{[%clk 0:00:14]} Qe1+ {[%clk 0:00:28]} 73. Kh2 {[%clk 0:00:15]} Qg3+
{[%clk 0:00:29]} 74. Kh1 {[%clk 0:00:16]} Qe1+ {[%clk 0:00:29]} 75. Kh2
{[%clk 0:00:17]} Qe5+ {[%clk 0:00:30]} 76. Kh1 {[%clk 0:00:19]} Ke6
{[%clk 0:00:31]} 77. Qh6+ {[%clk 0:00:18]} f6 {[%clk 0:00:32]} 78. Qh5
{[%clk 0:00:18]} Qe1+ {[%clk 0:00:33]} 79. Kh2 {[%clk 0:00:20]} Qe5+
{[%clk 0:00:34]} 80. Kh1 {[%clk 0:00:22]} Qe4 {[%clk 0:00:34]} 81. Qe8+ Kf5 82.
Qd7+ {[%clk 0:00:21]} Kf4 {[%clk 0:00:34]} 83. Qd6+ {[%clk 0:00:20]} Kf5
{[%clk 0:00:32]} 84. Qd7+ {[%clk 0:00:20]} Kg6 {[%clk 0:00:33]} 85. Qc8
{[%clk 0:00:20]} Qd5 {[%clk 0:00:33]} 86. Qe8+ {[%clk 0:00:20]} Qf7
{[%clk 0:00:33]} 87. Qe4+ {[%clk 0:00:22]} Kh6 {[%clk 0:00:35]} 88. Qa8
{[%clk 0:00:21]} Kg6 {[%clk 0:00:31]} 89. Qe4+ {[%clk 0:00:21]} f5
{[%clk 0:00:32]} 90. Qc6+ {[%clk 0:00:22]} Kh5 {[%clk 0:00:33]} 91. Qa8
{[%clk 0:00:23]} Qf6 {[%clk 0:00:32]} 92. Qe8+ {[%clk 0:00:22]} Kh6
{[%clk 0:00:33]} 93. Kh2 {[%clk 0:00:23]} Qd6+ {[%clk 0:00:34]} 94. Kh1
{[%clk 0:00:24]} Qf6 {[%clk 0:00:32]} 95. Qe3 {[%clk 0:00:22]} Kg6
{[%clk 0:00:32]} 96. Qe8+ {[%clk 0:00:23]} Kg7 {[%clk 0:00:33]} 97. Qd7+
{[%clk 0:00:24]} Kh6 {[%clk 0:00:34]} 98. Qd2 {[%clk 0:00:24]} Qc6
{[%clk 0:00:33]} 99. Qd8 {[%clk 0:00:23]} Kg6 {[%clk 0:00:31]} 100. Qg8+
{[%clk 0:00:23]} Kf6 {[%clk 0:00:31]} 101. Qf8+ {[%clk 0:00:21]} Kg6
{[%clk 0:00:31]} 102. Qg8+ {[%clk 0:00:21]} Kh5 {[%clk 0:00:31]} 103. Qb3
{[%clk 0:00:15]} Qd7 {[%clk 0:00:27]} 104. Qf3+ {[%clk 0:00:12]} g4
{[%clk 0:00:27]} 105. Qc3 {[%clk 0:00:12]} Kg5 {[%clk 0:00:23]} 106. Qc1+
{[%clk 0:00:12]} Kg6 {[%clk 0:00:22]} 107. Kh2 {[%clk 0:00:12]} Qd6+
{[%clk 0:00:22]} 108. Kh1 {[%clk 0:00:13]} Qd5 {[%clk 0:00:19]} 109. Kh2
{[%clk 0:00:13]} Qe5+ {[%clk 0:00:19]} 110. Kh1 {[%clk 0:00:14]} Qd6
{[%clk 0:00:20]} 111. Qe1 {[%clk 0:00:11]} g3 {[%clk 0:00:14]} 112. Qe8+
{[%clk 0:00:10]} Kg5 {[%clk 0:00:14]} 113. Qg8+ {[%clk 0:00:08]} Kf4
{[%clk 0:00:14]} 114. Qb3 {[%clk 0:00:06]} Qc6 {[%clk 0:00:10]} 115. Qb4+
{[%clk 0:00:06]} Qe4 {[%clk 0:00:09]} 116. Qd6+ {[%clk 0:00:06]} Ke3
{[%clk 0:00:08]} 117. Qc5+ {[%clk 0:00:07]} Qd4 {[%clk 0:00:09]} 118. Qc1+
{[%clk 0:00:07]} Qd2 {[%clk 0:00:09]} 119. Qc5+ {[%clk 0:00:07]} Ke4
{[%clk 0:00:09]} 120. Qe7+ {[%clk 0:00:08]} Kd3 {[%clk 0:00:07]} 121. Qa3+
{[%clk 0:00:06]} Qc3 {[%clk 0:00:05]} 122. Qd6+ {[%clk 0:00:06]} Ke4
{[%clk 0:00:06]} 123. Qe7+ {[%clk 0:00:04]} Kd3 {[%clk 0:00:05]} 124. Qd6+
{[%clk 0:00:05]} Ke2 {[%clk 0:00:05]} 125. Qe6+ {[%clk 0:00:05]} Qe3
{[%clk 0:00:04]} 126. Qa2+ {[%clk 0:00:06]} Kd3 {[%clk 0:00:05]} 127. Qb3+
{[%clk 0:00:07]} Ke4 {[%clk 0:00:06]} 128. Qe6+ {[%clk 0:00:07]} Kd4
{[%clk 0:00:07]} 129. Qd5+ {[%clk 0:00:06]} Kc3 {[%clk 0:00:07]} 130. Qc4+
{[%clk 0:00:07]} Kb2 {[%clk 0:00:06]} 131. Qc2+ {[%clk 0:00:07]} Ka3
{[%clk 0:00:07]} 132. Qa4+ {[%clk 0:00:09]} Kb2 {[%clk 0:00:08]} 133. Qc2+
{[%clk 0:00:10]} 1/2-1/2

[Event "Blitz 2018"]
[Site "Saint-Petersburg"]
[Date "2018.12.30"]
[Round "20"]
[Board "85"]
[White "Shubin Kirill (RUS)"]
[Black "Potapov Pavel (RUS)"]
[Result "1-0"]
[LiveChessVersion "1.4.8"]
[BlackElo "2542"]
[WhiteElo "2398"]

1. e4 {[%clk 0:03:03]} c5 {[%clk 0:03:04]} 2. Nf3 {[%clk 0:03:04]} Nc6
{[%clk 0:03:05]} 3. d4 {[%clk 0:03:04]} cxd4 {[%clk 0:03:06]} 4. Nxd4
{[%clk 0:03:05]} e5 {[%clk 0:03:07]} 5. Nb5 {[%clk 0:03:03]} d6 {[%clk 0:03:08]}
6. c4 {[%clk 0:03:00]} Be7 {[%clk 0:03:08]} 7. Be2 {[%clk 0:02:57]} Nf6
{[%clk 0:03:05]} 8. N5c3 {[%clk 0:02:55]} O-O {[%clk 0:03:05]} 9. Be3
{[%clk 0:02:54]} Be6 {[%clk 0:03:06]} 10. O-O {[%clk 0:02:50]} Rc8
{[%clk 0:03:06]} 11. b3 {[%clk 0:02:46]} a6 {[%clk 0:03:06]} 12. f3
{[%clk 0:02:16]} Nd7 {[%clk 0:02:53]} 13. Nd5 {[%clk 0:02:11]} Bg5
{[%clk 0:02:45]} 14. Bf2 {[%clk 0:01:59]} Bxd5 {[%clk 0:02:39]} 15. Qxd5
{[%clk 0:01:55]} Nc5 {[%clk 0:02:05]} 16. Nc3 {[%clk 0:01:41]} Ne6
{[%clk 0:02:03]} 17. Qd1 {[%clk 0:01:41]} Ncd4 {[%clk 0:02:01]} 18. Nd5
{[%clk 0:01:41]} Kh8 {[%clk 0:01:55]} 19. Bd3 {[%clk 0:01:32]} Bh4
{[%clk 0:01:47]} 20. Be3 {[%clk 0:01:26]} Bg5 {[%clk 0:01:47]} 21. Bf2
{[%clk 0:01:27]} Bh6 {[%clk 0:01:48]} 22. Re1 {[%clk 0:01:01]} Nf4
{[%clk 0:01:19]} 23. Nxf4 {[%clk 0:00:56]} Bxf4 {[%clk 0:01:19]} 24. Bf1
{[%clk 0:00:53]} f5 {[%clk 0:00:56]} 25. Qd3 {[%clk 0:00:46]} fxe4
{[%clk 0:00:47]} 26. Rxe4 {[%clk 0:00:45]} Ne6 {[%clk 0:00:46]} 27. Rd1
{[%clk 0:00:41]} Qf6 {[%clk 0:00:34]} 28. Ree1 {[%clk 0:00:32]} Rcd8
{[%clk 0:00:35]} 29. h4 {[%clk 0:00:15]} Bh6 {[%clk 0:00:34]} 30. Qe4
{[%clk 0:00:14]} Rd7 {[%clk 0:00:32]} 31. Bd3 {[%clk 0:00:12]} g6
{[%clk 0:00:31]} 32. Bf1 {[%clk 0:00:08]} Nf4 {[%clk 0:00:31]} 33. c5
{[%clk 0:00:09]} Bg7 {[%clk 0:00:20]} 34. cxd6 {[%clk 0:00:10]} Rxd6
{[%clk 0:00:21]} 35. Rxd6 {[%clk 0:00:06]} Qxd6 {[%clk 0:00:21]} 36. Qxb7
{[%clk 0:00:05]} a5 {[%clk 0:00:19]} 37. Qb6 {[%clk 0:00:05]} Qd2
{[%clk 0:00:17]} 38. a4 {[%clk 0:00:05]} Qb2 {[%clk 0:00:11]} 39. Qe3
{[%clk 0:00:05]} Rb8 {[%clk 0:00:11]} 40. Rd1 {[%clk 0:00:05]} h6
{[%clk 0:00:10]} 41. g3 {[%clk 0:00:04]} Rxb3 {[%clk 0:00:10]} 42. Qe4
{[%clk 0:00:04]} Rb4 {[%clk 0:00:05]} 43. Qa8+ {[%clk 0:00:04]} Rb8
{[%clk 0:00:05]} 44. Qe4 {[%clk 0:00:04]} Ne6 {[%clk 0:00:04]} 45. Qxg6
{[%clk 0:00:04]} Nd4 {[%clk 0:00:05]} 46. Bd3 {[%clk 0:00:04]} Nxf3+
{[%clk 0:00:04]} 47. Kg2 {[%clk 0:00:04]} e4 {[%clk 0:00:05]} 48. Bxe4
{[%clk 0:00:04]} Nxh4+ {[%clk 0:00:04]} 49. gxh4 Kg8 50. Qh7+ {[%clk 0:00:04]}
Kf8 {[%clk 0:00:06]} 51. Qf5+ {[%clk 0:00:04]} Kg8 {[%clk 0:00:07]} 52. Qh7+
{[%clk 0:00:05]} Kf8 {[%clk 0:00:09]} 53. Rd7 {[%clk 0:00:04]} Qf6
{[%clk 0:00:09]} 54. Qf5 {[%clk 0:00:05]} Qxf5 {[%clk 0:00:10]} 55. Bxf5
{[%clk 0:00:06]} Be5 {[%clk 0:00:11]} 56. Rh7 {[%clk 0:00:05]} Rb2
{[%clk 0:00:11]} 57. Kf3 {[%clk 0:00:05]} Rb3+ {[%clk 0:00:11]} 58. Ke4
{[%clk 0:00:06]} Bf6 {[%clk 0:00:12]} 59. Rxh6 {[%clk 0:00:06]} Rb4+
{[%clk 0:00:13]} 60. Kd5 {[%clk 0:00:07]} Kg7 {[%clk 0:00:13]} 61. Rg6+
{[%clk 0:00:07]} Kf7 {[%clk 0:00:14]} 62. Rg4 {[%clk 0:00:08]} Rb2
{[%clk 0:00:13]} 63. Be6+ {[%clk 0:00:08]} Ke7 {[%clk 0:00:11]} 64. Bc5+
{[%clk 0:00:09]} Kd8 {[%clk 0:00:12]} 65. Kc6 {[%clk 0:00:07]} 1-0

[Event "Blitz 2018"]
[Site "Saint-Petersburg"]
[Date "2018.12.30"]
[Round "20"]
[Board "86"]
[White "Rechlis Gad (ISR)"]
[Black "Gutenev Alexander (RUS)"]
[Result "0-1"]
[LiveChessVersion "1.4.8"]
[BlackElo "2419"]
[WhiteElo "2500"]

1. e4 {[%clk 0:03:02]} c5 {[%clk 0:03:03]} 2. Nc3 {[%clk 0:03:00]} Nc6
{[%clk 0:03:05]} 3. Nf3 {[%clk 0:02:59]} d6 {[%clk 0:03:06]} 4. d4
{[%clk 0:03:00]} cxd4 5. Nxd4 {[%clk 0:03:01]} Nf6 {[%clk 0:03:08]} 6. Bg5
{[%clk 0:02:57]} e6 {[%clk 0:03:08]} 7. Qd2 {[%clk 0:02:58]} Be7 {[%clk 0:03:09]}
8. O-O-O {[%clk 0:02:57]} O-O {[%clk 0:03:09]} 9. f4 {[%clk 0:02:57]} Nxd4
{[%clk 0:03:10]} 10. Qxd4 {[%clk 0:02:57]} Qa5 {[%clk 0:03:11]} 11. Bc4
{[%clk 0:02:39]} Rd8 {[%clk 0:03:11]} 12. e5 {[%clk 0:02:22]} dxe5
{[%clk 0:03:11]} 13. Qxe5 {[%clk 0:02:22]} Qb4 {[%clk 0:03:12]} 14. Rxd8+
{[%clk 0:02:10]} Bxd8 {[%clk 0:03:13]} 15. Rd1 {[%clk 0:01:58]} Bd7
{[%clk 0:03:01]} 16. Rd4 {[%clk 0:01:23]} Qb6 {[%clk 0:02:35]} 17. f5
{[%clk 0:01:06]} Bc7 {[%clk 0:02:04]} 18. Qe3 {[%clk 0:01:06]} e5
{[%clk 0:01:58]} 19. Bxf6 {[%clk 0:00:28]} Qxd4 {[%clk 0:01:56]} 20. Qxd4
{[%clk 0:00:13]} exd4 {[%clk 0:01:57]} 21. Bxd4 {[%clk 0:00:12]} Bxf5
{[%clk 0:01:57]} 22. Nd5 {[%clk 0:00:10]} Bd6 {[%clk 0:01:52]} 23. b3
{[%clk 0:00:07]} a6 {[%clk 0:01:43]} 24. g3 {[%clk 0:00:04]} b5 {[%clk 0:01:40]}
25. Be2 {[%clk 0:00:04]} Rc8 {[%clk 0:01:37]} 26. c3 {[%clk 0:00:04]} Re8
{[%clk 0:01:33]} 27. Kd2 {[%clk 0:00:04]} f6 {[%clk 0:01:28]} 28. a4
{[%clk 0:00:04]} bxa4 {[%clk 0:01:24]} 29. bxa4 {[%clk 0:00:05]} a5
{[%clk 0:01:15]} 30. Bb5 {[%clk 0:00:04]} Ra8 {[%clk 0:01:05]} 31. c4
{[%clk 0:00:04]} Be6 {[%clk 0:01:01]} 32. Nb6 {[%clk 0:00:04]} Rd8
{[%clk 0:01:01]} 33. Ke3 {[%clk 0:00:04]} Bc7 {[%clk 0:00:54]} 34. c5
{[%clk 0:00:04]} Kf7 {[%clk 0:00:54]} 35. Nc4 {[%clk 0:00:00]} 0-1

[Event "Blitz 2018"]
[Site "Saint-Petersburg"]
[Date "2018.12.30"]
[Round "20"]
[Board "93"]
[White "Sokolin Leonid (USA)"]
[Black "Oganian Miran (RUS)"]
[Result "0-1"]
[BlackElo "2326"]
[WhiteElo "2508"]
[LiveChessVersion "1.4.8"]

1. e4 {[%clk 0:03:03]} c5 {[%clk 0:03:03]} 2. Nf3 {[%clk 0:03:04]} Nc6
{[%clk 0:03:05]} 3. Bb5 {[%clk 0:03:06]} d6 {[%clk 0:03:06]} 4. O-O
{[%clk 0:03:06]} Bd7 {[%clk 0:03:08]} 5. c3 {[%clk 0:03:07]} Nf6 6. Re1 a6
{[%clk 0:03:10]} 7. Bf1 {[%clk 0:03:08]} Bg4 {[%clk 0:03:11]} 8. h3
{[%clk 0:03:08]} Bxf3 {[%clk 0:03:11]} 9. Qxf3 {[%clk 0:03:09]} e6
{[%clk 0:03:12]} 10. d3 {[%clk 0:03:03]} Be7 {[%clk 0:03:13]} 11. Nd2
{[%clk 0:02:59]} O-O {[%clk 0:03:14]} 12. g4 {[%clk 0:03:00]} d5 {[%clk 0:03:07]}
13. e5 {[%clk 0:02:46]} Nd7 {[%clk 0:03:06]} 14. Qg3 {[%clk 0:02:46]} b5
{[%clk 0:02:16]} 15. Nf3 {[%clk 0:02:48]} b4 {[%clk 0:02:14]} 16. g5
{[%clk 0:02:43]} bxc3 17. bxc3 Rb8 {[%clk 0:02:12]} 18. h4 {[%clk 0:02:43]} Qa5
{[%clk 0:02:10]} 19. Bd2 {[%clk 0:02:40]} Rb2 {[%clk 0:02:11]} 20. Rec1
{[%clk 0:02:31]} Ncxe5 {[%clk 0:01:56]} 21. Nxe5 {[%clk 0:02:29]} Nxe5
{[%clk 0:01:57]} 22. Bf4 {[%clk 0:02:23]} Nc6 {[%clk 0:01:49]} 23. h5
{[%clk 0:02:16]} Qd8 {[%clk 0:01:29]} 24. Rcb1 {[%clk 0:02:00]} Rc2
{[%clk 0:01:28]} 25. Rc1 {[%clk 0:01:58]} Rxc1 {[%clk 0:01:22]} 26. Rxc1
{[%clk 0:01:57]} e5 {[%clk 0:01:20]} 27. Bd2 {[%clk 0:01:59]} Bd6
{[%clk 0:01:13]} 28. Qg2 {[%clk 0:01:49]} Ne7 {[%clk 0:01:14]} 29. c4
{[%clk 0:01:44]} Bc7 {[%clk 0:00:46]} 30. Be3 {[%clk 0:01:39]} Bb6
{[%clk 0:00:28]} 31. Rb1 {[%clk 0:01:31]} Qd6 {[%clk 0:00:29]} 32. Qg4
{[%clk 0:01:30]} g6 {[%clk 0:00:23]} 33. Bg2 {[%clk 0:01:26]} dxc4
{[%clk 0:00:18]} 34. dxc4 {[%clk 0:01:22]} Nf5 {[%clk 0:00:19]} 35. Bd5
{[%clk 0:01:23]} Nxe3 {[%clk 0:00:09]} 36. fxe3 {[%clk 0:01:24]} Bd8
{[%clk 0:00:10]} 37. Rb7 {[%clk 0:01:25]} e4 {[%clk 0:00:06]} 38. hxg6
{[%clk 0:01:14]} hxg6 {[%clk 0:00:07]} 39. Qxe4 {[%clk 0:01:06]} Qg3+
{[%clk 0:00:08]} 40. Kf1 {[%clk 0:01:08]} Qxg5 {[%clk 0:00:04]} 41. Ke2
{[%clk 0:01:04]} Qf6 {[%clk 0:00:06]} 42. Kd3 {[%clk 0:01:03]} Kg7
{[%clk 0:00:07]} 43. Ra7 {[%clk 0:00:59]} Ba5 {[%clk 0:00:07]} 44. Qe7
{[%clk 0:00:47]} Qc3+ {[%clk 0:00:07]} 45. Ke2 {[%clk 0:00:47]} Qe1+
{[%clk 0:00:08]} 46. Kf3 {[%clk 0:00:46]} Qf1+ {[%clk 0:00:09]} 47. Ke4
{[%clk 0:00:44]} Qf5# {[%clk 0:00:08]} 0-1

[Event "Blitz 2018"]
[Site "Saint-Petersburg"]
[Date "2018.12.30"]
[Round "20"]
[Board "94"]
[White "Alsulaymi Abdullah M (KSA)"]
[Black "Pogosyan Stefan (RUS)"]
[Result "0-1"]
[BlackElo "2330"]
[WhiteElo "1833"]
[LiveChessVersion "1.4.8"]

1. e4 {[%clk 0:03:03]} e5 {[%clk 0:03:04]} 2. Nf3 Nc6 3. Bb5 {[%clk 0:03:03]} a6
{[%clk 0:03:07]} 4. Ba4 Nf6 5. O-O {[%clk 0:03:04]} Be7 {[%clk 0:03:08]} 6. Re1
{[%clk 0:03:03]} b5 {[%clk 0:03:10]} 7. Bb3 {[%clk 0:03:04]} O-O {[%clk 0:03:09]}
8. c3 {[%clk 0:03:04]} d6 {[%clk 0:03:02]} 9. h3 {[%clk 0:03:03]} Nb8
{[%clk 0:03:02]} 10. a4 {[%clk 0:03:02]} Bb7 {[%clk 0:03:04]} 11. d4
{[%clk 0:02:41]} Nbd7 {[%clk 0:03:03]} 12. Nbd2 {[%clk 0:02:32]} h6
{[%clk 0:03:01]} 13. Bc2 {[%clk 0:02:16]} Re8 {[%clk 0:03:01]} 14. Nf1
{[%clk 0:02:16]} Bf8 {[%clk 0:03:02]} 15. Ng3 {[%clk 0:02:09]} c5
{[%clk 0:02:45]} 16. dxc5 {[%clk 0:01:56]} Nxc5 {[%clk 0:02:46]} 17. Qe2
{[%clk 0:01:25]} bxa4 {[%clk 0:02:30]} 18. Bxa4 {[%clk 0:01:18]} Nxa4
{[%clk 0:02:30]} 19. Rxa4 {[%clk 0:01:19]} a5 {[%clk 0:02:31]} 20. Rd1
{[%clk 0:01:04]} Bc6 {[%clk 0:02:28]} 21. Ra1 {[%clk 0:01:05]} Qc7
{[%clk 0:02:25]} 22. Nh4 {[%clk 0:00:55]} g6 {[%clk 0:02:22]} 23. Qf3
{[%clk 0:00:42]} Re6 {[%clk 0:02:18]} 24. Be3 {[%clk 0:00:26]} Qb7
{[%clk 0:02:12]} 25. Rab1 {[%clk 0:00:19]} Nxe4 {[%clk 0:02:11]} 26. Nxe4
{[%clk 0:00:09]} Bxe4 {[%clk 0:02:12]} 27. Qg3 {[%clk 0:00:08]} Bxb1
{[%clk 0:02:07]} 28. Rxb1 {[%clk 0:00:09]} a4 {[%clk 0:02:06]} 29. f4
{[%clk 0:00:05]} exf4 {[%clk 0:02:00]} 30. Bxf4 {[%clk 0:00:06]} a3
{[%clk 0:02:01]} 0-1

[Event "Blitz 2018"]
[Site "Saint-Petersburg"]
[Date "2018.12.30"]
[Round "20"]
[Board "95"]
[White "Al Thebaiti Ahmed M (KSA)"]
[Black "Ovchinnikov Vsevolod (RUS)"]
[Result "0-1"]
[BlackElo "2375"]
[WhiteElo "1976"]
[LiveChessVersion "1.4.8"]

1. d4 {[%clk 0:03:03]} Nf6 {[%clk 0:03:03]} 2. c4 {[%clk 0:03:04]} g6
{[%clk 0:03:04]} 3. Nc3 {[%clk 0:03:05]} d5 {[%clk 0:03:05]} 4. cxd5
{[%clk 0:03:03]} Nxd5 {[%clk 0:03:05]} 5. e4 {[%clk 0:03:00]} Nxc3
{[%clk 0:03:06]} 6. bxc3 {[%clk 0:03:01]} Bg7 {[%clk 0:03:07]} 7. Be3
{[%clk 0:02:53]} c5 {[%clk 0:03:06]} 8. Bc4 {[%clk 0:02:44]} O-O {[%clk 0:03:02]}
9. Ne2 {[%clk 0:02:45]} Nc6 {[%clk 0:03:01]} 10. O-O {[%clk 0:02:34]} Bd7
{[%clk 0:03:02]} 11. Rb1 {[%clk 0:02:31]} Qc7 {[%clk 0:03:01]} 12. f4
{[%clk 0:02:13]} Rad8 {[%clk 0:02:21]} 13. Qc2 {[%clk 0:01:34]} Na5
{[%clk 0:02:13]} 14. Bb3 {[%clk 0:01:20]} cxd4 {[%clk 0:01:58]} 15. cxd4
{[%clk 0:01:17]} Rc8 {[%clk 0:01:45]} 16. Qxc7 {[%clk 0:01:11]} Rxc7
{[%clk 0:01:46]} 17. Rfc1 {[%clk 0:00:52]} Rfc8 {[%clk 0:01:44]} 18. e5
{[%clk 0:00:47]} Bf5 {[%clk 0:01:22]} 19. Rxc7 {[%clk 0:00:45]} Rxc7
{[%clk 0:01:23]} 20. Rc1 {[%clk 0:00:45]} Rxc1+ {[%clk 0:01:23]} 21. Bxc1
{[%clk 0:00:46]} Nxb3 22. axb3 {[%clk 0:00:47]} e6 {[%clk 0:01:09]} 23. b4
{[%clk 0:00:41]} Bd3 {[%clk 0:01:06]} 24. Ng3 {[%clk 0:00:29]} Bf8
{[%clk 0:01:05]} 25. Bd2 {[%clk 0:00:30]} Be7 {[%clk 0:00:54]} 26. Kf2
{[%clk 0:00:27]} Kf8 {[%clk 0:00:51]} 27. Ke3 {[%clk 0:00:27]} Bc4
{[%clk 0:00:52]} 28. Bc3 {[%clk 0:00:23]} h6 {[%clk 0:00:51]} 29. Ne4
{[%clk 0:00:17]} b6 {[%clk 0:00:50]} 30. g4 {[%clk 0:00:16]} Ke8 {[%clk 0:00:49]}
31. Ng3 {[%clk 0:00:17]} Kd7 {[%clk 0:00:48]} 32. f5 {[%clk 0:00:16]} Kc6
{[%clk 0:00:34]} 33. fxg6 {[%clk 0:00:12]} fxg6 {[%clk 0:00:35]} 34. Ne4
{[%clk 0:00:09]} Bd5 {[%clk 0:00:30]} 35. Nf6 {[%clk 0:00:06]} Bf8
{[%clk 0:00:21]} 36. Kd3 {[%clk 0:00:04]} a6 {[%clk 0:00:19]} 37. h4
{[%clk 0:00:05]} Bf3 {[%clk 0:00:18]} 38. g5 {[%clk 0:00:06]} hxg5
{[%clk 0:00:18]} 39. hxg5 {[%clk 0:00:07]} Kb5 {[%clk 0:00:11]} 40. Nd7
{[%clk 0:00:05]} Be7 {[%clk 0:00:10]} 41. Nf6 Bc6 {[%clk 0:00:08]} 42. Ne4
{[%clk 0:00:04]} Bxe4+ {[%clk 0:00:08]} 43. Kxe4 {[%clk 0:00:05]} Kc4
{[%clk 0:00:06]} 44. Bd2 {[%clk 0:00:05]} Bd8 {[%clk 0:00:05]} 45. Be1
{[%clk 0:00:03]} Bxg5 {[%clk 0:00:06]} 46. Bg3 {[%clk 0:00:04]} Be7
{[%clk 0:00:06]} 47. Be1 {[%clk 0:00:04]} g5 {[%clk 0:00:07]} 48. Bd2
{[%clk 0:00:05]} g4 {[%clk 0:00:07]} 49. Be3 {[%clk 0:00:06]} Bxb4
{[%clk 0:00:07]} 50. d5 {[%clk 0:00:05]} exd5+ {[%clk 0:00:08]} 51. Kf5
{[%clk 0:00:07]} d4 {[%clk 0:00:08]} 52. Bc1 {[%clk 0:00:08]} g3 {[%clk 0:00:09]}
0-1

[Event "Blitz 2018"]
[Site "Saint-Petersburg"]
[Date "2018.12.30"]
[Round "20"]
[Board "96"]
[White "Vlassov Nikolai (RUS)"]
[Black "Al Turky Fahad A (KSA)"]
[Result "1-0"]
[BlackElo "1851"]
[WhiteElo "2438"]
[LiveChessVersion "1.4.8"]

1. e4 {[%clk 0:03:02]} c5 {[%clk 0:02:59]} 2. c3 {[%clk 0:03:03]} Nc6
{[%clk 0:02:58]} 3. d4 {[%clk 0:03:04]} cxd4 {[%clk 0:02:59]} 4. cxd4
{[%clk 0:03:05]} d5 {[%clk 0:02:53]} 5. exd5 {[%clk 0:03:06]} Qxd5
{[%clk 0:02:53]} 6. Nf3 {[%clk 0:03:07]} Qh5 {[%clk 0:02:50]} 7. d5
{[%clk 0:03:05]} Nd8 {[%clk 0:02:27]} 8. Bb5+ {[%clk 0:03:04]} Bd7
{[%clk 0:02:28]} 9. Bxd7+ {[%clk 0:03:04]} Kxd7 {[%clk 0:02:28]} 10. Bf4
{[%clk 0:03:02]} Nf6 {[%clk 0:02:18]} 11. Ne5+ {[%clk 0:02:56]} Kc8
{[%clk 0:01:06]} 12. Qc2+ {[%clk 0:02:52]} Nc6 {[%clk 0:01:07]} 13. dxc6
{[%clk 0:02:52]} e6 {[%clk 0:00:50]} 14. cxb7+ {[%clk 0:02:52]} Kxb7
{[%clk 0:00:50]} 15. Qc6+ {[%clk 0:02:52]} Kb8 {[%clk 0:00:50]} 16. Nd7# 1-0